Datum a čas kvízu

23 Celkem bodů Celkový počet nahraných bodů na tomto kvízu bez doplňovacích otázek.
2. Pořadí na kvízu Konečné umístění týmu na tomto kvízu.

Zaznamenané odpovědi

# Otázka Odpověď Body Výsledky
1. Česká advokátní komora uložila... 1
2. Nejmodernější typ policejního... 0
3. Ve zlínském obchodním a zábavn... 0
5. Velká fotbalová legenda se sta... 1
6. Dědictví aneb Kurvahošigutntag... 0
7. Bohuš: "Není to ___, ten Kája?... 0
8. Kterou značku cigaret má Bohuš... 0
9. "Však je to sladké jak ___ ___... 0
10. Pták, kterého Bohuš koupil Ire... 0
11. Koordinovaný světový čas je oz... 0